000 00582nam a2200205Ia 4500
003 GCL
008 140319s9999 xx 000 0 ara d
040 _aGCL /
_cGCL
082 0 4 _a811.008
_bج د
100 1 _aجميل بن معمر
245 1 0 _aديوان العزوبية /
_cجميل بن معمر
700 1 _aقيس بن الملوح
260 _a[S.N] :
_bدار الجيل ،
_c1992
300 _a416 ص
490 _a
650 0 4 _aالشعر العربى
650 0 4 _aالادب العربى
650 0 4 _aالقصائد والدواوين
942 _2ddc
_cBK
999 _c53910
_d53910